<?xml version="1.0" encoding="UTF-8"?>
<record
    xmlns:xsi="http://www.w3.org/2001/XMLSchema-instance"
    xsi:schemaLocation="http://www.loc.gov/MARC21/slim http://www.loc.gov/standards/marcxml/schema/MARC21slim.xsd"
    xmlns="http://www.loc.gov/MARC21/slim">

  <leader>01555nam a2200313 i 4500</leader>
  <controlfield tag="001">000019759</controlfield>
  <controlfield tag="003">DO-SdBNP</controlfield>
  <controlfield tag="005">20240223180702.0</controlfield>
  <controlfield tag="007">ta</controlfield>
  <controlfield tag="008">100705s2020    dr a    r     000 f spa d</controlfield>
  <datafield tag="020" ind1=" " ind2=" ">
    <subfield code="a">9789945883862</subfield>
  </datafield>
  <datafield tag="040" ind1=" " ind2=" ">
    <subfield code="a">DO-SdBNP</subfield>
    <subfield code="b">spa</subfield>
    <subfield code="c">BNPHU</subfield>
    <subfield code="e">rda</subfield>
  </datafield>
  <datafield tag="082" ind1=" " ind2=" ">
    <subfield code="a">808</subfield>
    <subfield code="b">Q69</subfield>
    <subfield code="2">22</subfield>
  </datafield>
  <datafield tag="245" ind1="1" ind2="0">
    <subfield code="a">Quimeras de mi adolescencia :</subfield>
    <subfield code="b">cuentos y poes&#xED;as de mi inspiraci&#xF3;n /</subfield>
    <subfield code="c">Tallerista Dania Mart&#xED;nez: pr&#xF3;logo, Nan Chavalier</subfield>
  </datafield>
  <datafield tag="264" ind1=" " ind2=" ">
    <subfield code="a">Puerto Plata, Rep&#xFA;blica Dominicana :</subfield>
    <subfield code="b">Renovaci&#xF3;n ,</subfield>
    <subfield code="c">2020 </subfield>
  </datafield>
  <datafield tag="300" ind1=" " ind2=" ">
    <subfield code="a">45 paginas :</subfield>
    <subfield code="b">Ilustraciones ;</subfield>
    <subfield code="c">22 cm.</subfield>
  </datafield>
  <datafield tag="336" ind1=" " ind2=" ">
    <subfield code="2">rdacontent</subfield>
    <subfield code="a">texto</subfield>
    <subfield code="b">txt</subfield>
  </datafield>
  <datafield tag="337" ind1=" " ind2=" ">
    <subfield code="2">rdamedia</subfield>
    <subfield code="a">sin mediaci&#xF3;n</subfield>
    <subfield code="b">n</subfield>
  </datafield>
  <datafield tag="338" ind1=" " ind2=" ">
    <subfield code="2">rdacarrier</subfield>
    <subfield code="a">volumen</subfield>
    <subfield code="b">nc</subfield>
  </datafield>
  <datafield tag="500" ind1=" " ind2=" ">
    <subfield code="a">Concurso literario por nuestro pa&#xED;s primero, ediciones renovaci&#xF3;n, 2020</subfield>
  </datafield>
  <datafield tag="505" ind1=" " ind2=" ">
    <subfield code="a">Presentaci&#xF3;n.-- Pr&#xF3;logo.</subfield>
    <subfield code="t">Premio Jos&#xE9; Ram&#xF3;n L&#xF3;pez, cuento.-- El afinador de pianos.-- En el bosque.-- El espectador de almas.-- Memoria.-- Nace dos estaciones.-- Donde las hojas caen.-- Premio Salom&#xE9; Ure&#xF1;a, poes&#xED;a.-- Brillo dorado.-- Querido lobo.-- Quien observa.-- Gurrero de la patria.-- Orgullo dominicano.-- El amanecer.-- Oda del miedo: La irracionalidad de los invisible.-- Navidad.-- Veredicto.</subfield>
  </datafield>
  <datafield tag="586" ind1=" " ind2=" ">
    <subfield code="a">Premio Jos&#xE9; Ram&#xF3;n L&#xF3;pez. / Cuento 16 a 18 a&#xF1;os.
Premio Salom&#xE9; Ure&#xF1;a. / Poes&#xED;a 16 a 18 a&#xF1;os.</subfield>
  </datafield>
  <datafield tag="590" ind1=" " ind2=" ">
    <subfield code="a">Inventariado, 2023 / DG</subfield>
  </datafield>
  <datafield tag="650" ind1=" " ind2="4">
    <subfield code="a">Literatura juvenil</subfield>
    <subfield code="9">9038</subfield>
  </datafield>
  <datafield tag="700" ind1="1" ind2=" ">
    <subfield code="a">Chavalier, Nan</subfield>
    <subfield code="d">1965-</subfield>
    <subfield code="e">pr&#xF3;logo</subfield>
    <subfield code="9">83856</subfield>
  </datafield>
  <datafield tag="700" ind1="1" ind2=" ">
    <subfield code="a">Mart&#xED;nez, Diana,</subfield>
    <subfield code="e">tallerista</subfield>
    <subfield code="9">83840</subfield>
  </datafield>
  <datafield tag="910" ind1=" " ind2=" ">
    <subfield code="a">DG</subfield>
  </datafield>
  <datafield tag="942" ind1=" " ind2=" ">
    <subfield code="2">ddc</subfield>
    <subfield code="c">LF2</subfield>
  </datafield>
  <datafield tag="952" ind1=" " ind2=" ">
    <subfield code="0">0</subfield>
    <subfield code="1">0</subfield>
    <subfield code="2">ddc</subfield>
    <subfield code="5">1</subfield>
    <subfield code="7">0</subfield>
    <subfield code="8">DS-F</subfield>
    <subfield code="a">BNPHU</subfield>
    <subfield code="b">BNPHU</subfield>
    <subfield code="c">CT</subfield>
    <subfield code="d">2023-07-27</subfield>
    <subfield code="e">deposito legal</subfield>
    <subfield code="l">0</subfield>
    <subfield code="o">BNPHU F-PD 808 Q69</subfield>
    <subfield code="p">2023-5042</subfield>
    <subfield code="r">2023-07-27</subfield>
    <subfield code="w">2023-07-27</subfield>
    <subfield code="y">LF2</subfield>
  </datafield>
  <datafield tag="952" ind1=" " ind2=" ">
    <subfield code="0">0</subfield>
    <subfield code="1">0</subfield>
    <subfield code="2">ddc</subfield>
    <subfield code="5">1</subfield>
    <subfield code="7">0</subfield>
    <subfield code="8">PD</subfield>
    <subfield code="a">BNPHU</subfield>
    <subfield code="b">BNPHU</subfield>
    <subfield code="c">CT</subfield>
    <subfield code="d">2022-01-27</subfield>
    <subfield code="e">Dep&#xF3;sito Legal / Ediciones Renovaci&#xF3;n</subfield>
    <subfield code="l">0</subfield>
    <subfield code="o">808 Q69</subfield>
    <subfield code="p">2023-5084</subfield>
    <subfield code="r">2023-07-31</subfield>
    <subfield code="t">e.2</subfield>
    <subfield code="w">2023-07-31</subfield>
    <subfield code="y">LF2</subfield>
  </datafield>
  <datafield tag="999" ind1=" " ind2=" ">
    <subfield code="c">54249</subfield>
    <subfield code="d">54249</subfield>
  </datafield>
</record>
